000 00835nam a2200229 a 4500
001 48913
003 BD-RjUL
005 20211209054615.0
008 160817s1973 ru a|||| |||| 00| 0 ben d
035 _a(BD-RjUL)49032
040 _aBD-RjUL
_bben
_cBD-RjUL
041 _aben
082 _223
_a891.73
_bCHK 1973
100 1 _aচেখভ, অন্তন
_9147330
245 1 0 _aকাশতানকা /
_cঅনিমেষ পাল অনুবাদক
260 _aমস্কো :
_bপ্রগতি প্রকাশন,
_cc১৯৭৩
300 _a৬০ পৃ. :
_c২১ সেমি.
_bচিত্র ;
650 _aরাশিয়ান উপন্যাস
_9147320
650 _aRussian Fiction
_9147321
700 _aপাল, অনিমেষ, অনুবাদক
_9147346
942 _2ddc
_cBK
999 _c48913
_d48913